LEADER 01299nam a2200205 i 4500 001 000000239810 003 CaOOAMICUS 005 20240711143725.0 008 150319s1721 it u000 u fre u 013 $a218715 026 $adede nent u-er Faet (3) 1721 (R) 040 $aSeMil$bita 245 13$a5: Où l'on voit les moyens employez par le roi de suède pour déposer le roi Auguste & puor faire élire roi Stanislas. Par M. de Limiers, docteur en Droit. 300 $a[10], 263 p., [9] carte di tav. ripieg. :$binc. 500 $aSegn.: pg1 *4 A-Y8/4 P2 773 0 $aLimiers, Henri Philippe : de $tHistoire de Suede sous le regne de Charles 12. ou l'on voit aussi les revolutions arrivees en differens tems dans ce Royaume; toute la guerre du Nord. Et l'avenement de la reine & du roi ... Enrichie de medailles & de plusieurs autres figures. Tome 1. [-6.]. ... Par m. De Limiers ..$dA Amsterdam : Chez les Jansons a Waesberge, 1721.$g5$w()31595 850 $aSeMil 852 $aSeMil$W1$xVenegono$y1$m3E I 86 FA$j190156$B190156$CSeMilBibl$Z2$F201005 $8I 996 $6245$a5: Où l'on voit les moyens employez par le roi de suède pour déposer le roi Auguste & puor faire élire roi Stanislas. Par M. de Limiers, docteur en Droit$9(OLS)http://semarc/title/341491 LEADER 00560naa a2200145 i 4500 001 000000294666 003 CaOOAMICUS 005 20180831172511.0 008 180831n xx u000 u und u 013 $a1943 040 $aSeMil$bita 100 1 $aStrazzeri, Marcello.$0(OLS)http://semarc/name/37943 245 10$aModernità, potere comunicativo, fondazione discorsiva della sovranità. 650 4$aMezzi di comunicazione.$0(OLS)http://semarc/subject/6419 996 $6245$aModernità, potere comunicativo, fondazione discorsiva della sovranità$9(OLS)http://semarc/title/370744